| 000 | 00962nam a2200265Ia 4500 | ||
|---|---|---|---|
| 003 | OSt | ||
| 005 | 20221005102920.0 | ||
| 006 | a|||||r|||| 00| 0 | ||
| 007 | ta | ||
| 008 | 221004b |||||||| |||| 00| 0 hin d | ||
| 020 |
_a9789380634036 (hbk) _c260 |
||
| 024 | _a17565 | ||
| 037 |
_b276, 09/03/2015, Eastern Book Linkers _cTextual |
||
| 040 |
_aCRL _cCRL _bhin |
||
| 041 |
_2hin _ahin |
||
| 082 | _aO15,3D69,1:g, 152Q2 | ||
| 100 | _aप्रियंका सिंह | ||
| 245 | 0 | _aसुबन्धु की वासवदता | |
| 246 | _aSubandhu kī vāsavadatā | ||
| 260 |
_aइलाहाबाद _bअक्षयवट प्रकाशन भारत _c2012 |
||
| 300 |
_a160पृ0 _ccm. |
||
| 650 | _aसंस्कृत साहित्य | ||
| 942 |
_hO15,3D69,1:g, 152Q2 _cTEXL _2cc |
||
| 999 |
_c1009098 _d1009098 |
||